00861nam a2200229 a 450000100100000000500170001000800410002704000250006808200150009310000270010824500750013526000340021030000200024449000390026450000620030350400300036571000510039583000460044604900090049295201130050199900170061400002412220240307073947.0110119s1979 dr 000 0 spa d aDO-SdBNPbspacBNPHU axxxbP348m1 aPaz, Idad1945-94953614aLos medios masivo de comunicación en la lucha ideologica /cIda Paz. aSanto Domingo :bUASD,c1979. a46 P. ;c22 cm.1 aCuadernos de Comunicaciónvno. 1 aIncluye datos biográficos del autor en la contraportada aBibliografía : p. 45-461 aUniversidad Autónoma de Santo Domingo972951 0aCuadernos de Comunicaciónnno. 1949537 aBNPD 0010718PDaPDbPDcCTd2011-01-19iLF1l0oxxx P348mp24122-10r2020-06-25w2020-06-25yLFPDZNo se presta c23616d23616